000 01368nam a2200253 i 4500
001 186486
003 SpMaBN
005 20250918063044.0
008 161117s1983 fr |||| |dfre d
020 _a2-07-010360-9
080 _a821.133.1-82"16"
100 1 _aMolière,
_d1622-1673
_981873
245 1 0 _aOeuvres complètes.
_nI /
_cMolière ; textes établis, présentés et annotés par Georges Couton.
260 _a[Paris] :
_bGallimard,
_c[1983]
300 _a1 v. (LXVIII, 1414 p.) ;
_c18 cm.
490 1 _aBibliothèque de la Pléiade ;
_v8
500 _aCronología.
504 _aBibliografía: p. [LXI]-LXVIII.
505 8 _aContiene: v. 1 ;
_tLa jalousie de barbouillé ;
_tLes médicin volant ;
_tL'etourdi ou les contretemps ;
_tDépit amoureux ;
_tLes précieuses ridicules ;
_tSganarelle ou le cocu imaginaire ;
_tDom Garcie de Navarre ou le prince Jaloux ;
_tL'ecole des maris ;
_tLes fâcheux ;
_tL'ecole des femmes ;
_tRemmerciement au roi ;
_tLa critique de l'cole des femmes ;
_tL'impromptu de Versailles ;
_tLe mariage forcé ;
_tLes plaisirs de l'île enchantée ;
_tLa princesse d'Élide ;
_tLe tartuffe ou l'imposteur
700 1 _aCouton, Georges.
_941331
830 0 _aBibliothèque de la Pléiade ;
_v8
_9180233
852 _aES-MaACL
_jL-30830
_z- enc. guaflex
_z. - Donat. Miguel A. Velasco
999 _c186486
_d186486